000 01102nas a2200385 4500
001 BR0304915
003 BR-BrBNA
005 20231205104121.0
007 ta
008 230509b bl.|||p| |||| 00| 00por d
040 _aBR-BrBNA
_bpor
_cBiblioteca Nacional de Agricultura
041 _a(Pt)
072 _aL74; L70
100 1 _aBorges, A.S.
100 1 _aSilva, D.P.G.
100 1 _aGonçalves, R.C.
100 1 _aChiacchio, S.B.
100 1 _aAmorim, R.M.
100 1 _aKuchembuck, M.R.G.
100 1 _aVulcano, L.C.
100 1 _aBandara, E.P.
100 1 _aLopes, R.S.
245 1 _aFraturas vertebrais em grandes animais: estudo retrospectivo de 39 casos (1987-2002)
650 _aEQÜINO
650 _aBOVINO
650 _aOVINO
650 _aCAPRINO
650 _aSUÍNO
650 _aFRATURA
650 _aCOLUNA VERTEBRAL
650 _aDIAGNÓSTICO
773 0 _tArquivo Brasileiro de Medicina Veterinária e Zootecnia (Brazil)
_xISSN 0102-0935
_g(Apr 2003), v. 55(2) p. 127-132
_wBR0304915
909 _a202311
_bLúcia
_c55
_dLúcia Elande
942 _2AGRIS
_n0
_cANA
999 _c176463
_d176463